Kameny moci. Úsvit Onyxu /
Arwen, zajatkyně krále temnoty, bojuje uprostřed znesvářených vílích rodů o svou svobodu a život svého bratra. Fantasy romance z magického světa víl.
Uloženo v:
| Série: | Kameny moci,
část 1 |
|---|---|
| Hlavní autor: | |
| Další autoři: | |
| Médium: | E-kniha |
| Jazyk: | Czech |
| Vydáno: |
V Praze :
Fragment,
2024
|
| Vydání: | 1. vydání |
| Témata: | |
| Příbuzné jednotky: | Z cyklu::
Kameny moci |
| Tagy: |
Žádné tagy |
| LEADER | 03003nam a2200553 i 4500 | ||
|---|---|---|---|
| 001 | 312481 | ||
| 003 | CZ PrSKC | ||
| 005 | 20260601215723.0 | ||
| 007 | ta | ||
| 008 | 240814s2024 xr d 000 f cze | ||
| 015 | |a cnb003626469 | ||
| 020 | |a 9788025368053 |q (brožováno) : |c Kč 469,00 | ||
| 035 | |a (OCoLC)1459786027 | ||
| 040 | |a ABG001 |b cze |d OLA001 |d ABA001 |e rda | ||
| 041 | 1 | |a cze |h eng | |
| 072 | 7 | |a 821.111(73)-3 |x Americká próza |2 Konspekt | |
| 072 | 7 | |a 821-93 |x Literatura pro děti a mládež (beletrie) |2 Konspekt | |
| 080 | |a 821.111(73)-31 |2 MRF | ||
| 080 | |a 821-93-053.67 |2 MRF | ||
| 080 | |a 821-93 |2 MRF | ||
| 080 | |a (0:82-312.9) |2 MRF | ||
| 100 | 1 | |a Golden, Kate |7 jo20241229638 |4 aut | |
| 240 | 1 | 0 | |a Dawn of Onyx. |l Česky |
| 245 | 1 | 0 | |a Kameny moci. |p Úsvit Onyxu / |c Kate Golden ; z anglického originálu A dawn of Onyx přeložila Tereza Dubenská |
| 246 | 3 | 0 | |a Úsvit Onyxu |
| 250 | |a 1. vydání | ||
| 264 | 1 | |a V Praze : |b Fragment, |c 2024 | |
| 300 | |a 420 stran ; |c 21 cm | ||
| 336 | |a text |b txt |2 rdacontent | ||
| 337 | |a bez média |b n |2 rdamedia | ||
| 338 | |a svazek |b nc |2 rdacarrier | ||
| 520 | 2 | |a Arwen, zajatkyně krále temnoty, bojuje uprostřed znesvářených vílích rodů o svou svobodu a život svého bratra. Fantasy romance z magického světa víl. |b Aby zachránila život svého bratra, riskuje svůj vlastní. Arwen Valondaleová se stane zajatkyní nejnebezpečnějšího království na kontinentu a je zde nucena využívat svých vzácných magických schopností k léčení vojáků krutého krále Onyxu. Její jedinou šancí, jak uniknout z hradu obklopeného temnými a nebezpečnými lesy, je spojit se se svým mazaným spoluvězněm. V království Onyxu je ale důvěra luxus, který si nemůže nikdo dovolit. S využitím temné magie, nebezpečných tvorů, a především se svou vlastní netušenou silou bude Arwen bojovat o svobodu, o život... i o své srdce. | |
| 521 | 8 | |a Pro čtenáře od 15 let | |
| 655 | 7 | |a americké romány |7 fd131796 |2 czenas | |
| 655 | 7 | |a fantasy romány |7 fd184199 |2 czenas | |
| 655 | 7 | |a literatura young adult |7 fd1185572 |2 czenas | |
| 655 | 7 | |a publikace pro mládež |7 fd133157 |2 czenas | |
| 655 | 9 | |a American fiction |2 eczenas | |
| 655 | 9 | |a fantasy novels |2 eczenas | |
| 655 | 9 | |a young adult literature |2 eczenas | |
| 655 | 9 | |a juvenile literature |2 eczenas | |
| 700 | 1 | |a Dubenská, Tereza, |d 1993- |7 xx0267146 |4 trl | |
| 787 | 0 | 8 | |i Z cyklu: |t Kameny moci |g 1 |
| 900 | |a ABA001 |b 21 | ||
| 928 | 9 | |a Albatros Media - Fragment | |
| 044 | |a xr | ||
| 910 | |a RBIT002 | ||
| 998 | |d 410041 |a https://core.palmknihy.cz/api/books/410041/cover?si6owe |b https://core.palmknihy.cz/api/books/410041/cover/400?si6owe |c https://core.palmknihy.cz/api/books/410041/cover/50?si6owe |e 2028-08-30 |g 424 |i 9788025368053 |j https://core.palmknihy.cz/api/books/410041/preview.epub |k https://core.palmknihy.cz/api/books/410041/preview.pdf |l |q 49 |r 1 |s https://www.palmknihy.cz/kniha/410041 |t ebook |y 2024 |z 0 |v Kameny moci |w 1 | ||
| 999 | |d 312479 | ||